El Pluralismo como espacio público contemporáneo: límites y posibilidades /

Gespeichert in:
Bibliographische Detailangaben
1. Verfasser: Parodi Revoredo, Daniel
Format: Text
Schlagworte:
Tags: Tag hinzufügen
Keine Tags, Fügen Sie den ersten Tag hinzu!

MARC

LEADER 00000 a a2200000 04500
001 18278
003
040
100 |a Parodi Revoredo, Daniel  
245 |a El Pluralismo como espacio público contemporáneo:   |b límites y posibilidades /  |c Daniel Parodi Revoredo 
650 |a PLURALISMO  
650 |a TEORIA POLITICA  
650 |a DEMOCRACIA  
650 |a LIBERALISMO  
773 |g número 96; páginas 97-102  
999 |c 38794  |d 38794